<?xml version="1.0" encoding="UTF-8"?><?xml-stylesheet type="text/xsl" href="static/style.xsl"?><OAI-PMH xmlns="http://www.openarchives.org/OAI/2.0/" xmlns:xsi="http://www.w3.org/2001/XMLSchema-instance" xsi:schemaLocation="http://www.openarchives.org/OAI/2.0/ http://www.openarchives.org/OAI/2.0/OAI-PMH.xsd"><responseDate>2026-04-13T00:07:19Z</responseDate><request verb="GetRecord" identifier="oai:www.recercat.cat:10459.1/63418" metadataPrefix="marc">https://recercat.cat/oai/request</request><GetRecord><record><header><identifier>oai:recercat.cat:10459.1/63418</identifier><datestamp>2024-12-05T21:31:53Z</datestamp><setSpec>com_2072_3622</setSpec><setSpec>col_2072_479130</setSpec></header><metadata><record xmlns="http://www.loc.gov/MARC21/slim" xmlns:dcterms="http://purl.org/dc/terms/" xmlns:xsi="http://www.w3.org/2001/XMLSchema-instance" xmlns:doc="http://www.lyncode.com/xoai" xsi:schemaLocation="http://www.loc.gov/MARC21/slim http://www.loc.gov/standards/marcxml/schema/MARC21slim.xsd">
   <leader>00925njm 22002777a 4500</leader>
   <datafield ind2=" " ind1=" " tag="042">
      <subfield code="a">dc</subfield>
   </datafield>
   <datafield ind2=" " ind1=" " tag="720">
      <subfield code="a">Ochagavía Orbegozo, Helga</subfield>
      <subfield code="e">author</subfield>
   </datafield>
   <datafield ind2=" " ind1=" " tag="720">
      <subfield code="a">Prieto, Paula</subfield>
      <subfield code="e">author</subfield>
   </datafield>
   <datafield ind2=" " ind1=" " tag="720">
      <subfield code="a">Savin, Roxana</subfield>
      <subfield code="e">author</subfield>
   </datafield>
   <datafield ind2=" " ind1=" " tag="720">
      <subfield code="a">Griffiths, Simon</subfield>
      <subfield code="e">author</subfield>
   </datafield>
   <datafield ind2=" " ind1=" " tag="720">
      <subfield code="a">Slafer, Gustavo A.</subfield>
      <subfield code="e">author</subfield>
   </datafield>
   <datafield ind2=" " ind1=" " tag="260">
      <subfield code="c">2018-05-23T07:29:16Z</subfield>
   </datafield>
   <datafield ind2=" " ind1=" " tag="260">
      <subfield code="c">2018-05-23T07:29:16Z</subfield>
   </datafield>
   <datafield ind2=" " ind1=" " tag="260">
      <subfield code="c">2018</subfield>
   </datafield>
   <datafield ind2=" " ind1=" " tag="260">
      <subfield code="c">2018-05-23T07:29:18Z</subfield>
   </datafield>
   <datafield ind2=" " ind1=" " tag="520">
      <subfield code="a">Wheat adaptation is affected by &#xd;
Ppd&#xd;
 genes, but the role of these alleles in the rates of leaf and spikelet initiation has &#xd;
not been properly analysed. Twelve near isogenic lines (NILs) combining &#xd;
Ppd-1a&#xd;
 alleles from different donors intro-&#xd;
gressed in A, B, and/or D genomes were tested under field conditions during two growing seasons together with the &#xd;
wild type, Paragon. Leaf initiation rate was unaffected by &#xd;
Ppd-1a&#xd;
 alleles so the final leaf number (FLN) was reduced &#xd;
in parallel with reductions in the duration of the vegetative phase. Spikelet primordia initiation was accelerated and &#xd;
consequently the effect on spikelets per spike was less than proportional to the effect on the duration of spikelet ini-&#xd;
tiation. The magnitude of these effects on spikelet plastochron depended on the doses of &#xd;
Ppd-1&#xd;
 homoeoalleles and &#xd;
the specific insensitivity alleles carried. Double ridge was consistently later than floral initiation, but the difference &#xd;
between them was not affected by &#xd;
Ppd-1a&#xd;
 alleles. These findings have potential for selecting the best combinations &#xd;
from the &#xd;
Ppd-1&#xd;
 homoeoallelic series for manipulating adaptation taking into consideration particular effects on spike-&#xd;
let number.</subfield>
   </datafield>
   <datafield ind2=" " ind1=" " tag="520">
      <subfield code="a">Funding was provided by ADAPTAWHEAT (a project funded by the &#xd;
European  Commission  under  the  7th  Framework  Programme  for  &#xd;
Research and Technological Development) and by project AGL2012-&#xd;
35300  funded  by  the  Ministry  of  Economy  and  Competitiveness  &#xd;
of  Spain.  HO  held  a  FPI  scholarship  from  the  Spanish  Ministry  of  &#xd;
Science  and  Innovation,  and  PP  held  a  PhD  scholarship  from  the  &#xd;
University of Lleida. We thank Andreu Casellas for excellent technical &#xd;
assistance and Ignacio Romagosa for valuable advice on the statistical &#xd;
procedures.</subfield>
   </datafield>
   <datafield ind1="8" ind2=" " tag="024">
      <subfield code="a">http://hdl.handle.net/10459.1/63418</subfield>
   </datafield>
   <datafield tag="653" ind2=" " ind1=" ">
      <subfield code="a">Double ridge</subfield>
   </datafield>
   <datafield tag="653" ind2=" " ind1=" ">
      <subfield code="a">Flowering time</subfield>
   </datafield>
   <datafield tag="653" ind2=" " ind1=" ">
      <subfield code="a">Plastochron</subfield>
   </datafield>
   <datafield tag="653" ind2=" " ind1=" ">
      <subfield code="a">Ppd  genes</subfield>
   </datafield>
   <datafield tag="653" ind2=" " ind1=" ">
      <subfield code="a">Triticum aestivum</subfield>
   </datafield>
   <datafield ind2="0" ind1="0" tag="245">
      <subfield code="a">Dynamics of leaf and spikelet primordia initiation in wheat as affected by Ppd-1a alleles under field conditions</subfield>
   </datafield>
</record></metadata></record></GetRecord></OAI-PMH>